De la personne humaine a la communauté humaine

Guardado en:
Detalles Bibliográficos
Autor principal: Tabbah, Bichara (Autor)
Formato: Libro
Lenguaje:francés
Publicado: París R. Pichon et R. Durand-Auzias 1959
Materias:
Etiquetas: Agregar Etiqueta
Sin Etiquetas, Sea el primero en etiquetar este registro!

MARC

LEADER 00000nam a2200000 a 4500
001 UCV1833
003 CL-VaPUC
008 910416e19590000FR |||||||||||||||||fre|d
082 0 4 |a 340.2  |b TAB  |2 21 
100 0 |a Tabbah, Bichara  |e author  |9 296020 
245 1 0 |a De la personne humaine a la communauté humaine 
300 |a 269 p 
942 |c BK 
945 |d 19910416 00:00:00 
260 |a París  |b R. Pichon et R. Durand-Auzias  |c 1959 
650 0 |a Sociología del derecho  |9 254890 
583 |a last modification  |c 19910416 00:00:00  |k Rodrigo Vera 
999 |c 209614  |d 209612 
952 |0 0  |1 0  |4 0  |6 340_200000000000000_TAB_1959  |7 0  |8 A  |9 185128  |a BIBDER  |b BIBDER  |d 2019-11-14  |i 2525879  |o 340.2 TAB 1959  |p 2525879  |r 2023-01-25  |w 2019-11-14  |y BK  |k DER